Los perros hambrientos

Tallennettuna:
Bibliografiset tiedot
Päätekijä: Alegría Bazán, Ciro (Tekijä)
Aineistotyyppi: Kirja
Kieli:espanja
Julkaistu: Santiago Wiracocha 1967
Sarja:Autores peruanos
Aiheet:
Tagit: Lisää tagi
Ei tageja, Lisää ensimmäinen tagi!

MARC

LEADER 00000nam a2200000 a 4500
001 UCH6502
003 CL-VaPUC
008 091109e19670000CL |||||||||||||||||spa|d
082 0 4 |a Pe863  |b ALE  |2 21 
100 0 |a Alegría Bazán, Ciro  |e author  |9 543048 
245 1 4 |a Los perros hambrientos 
300 |a 175 p 
942 |c BK 
945 |d 20091109 00:00:00  |a ccalabra 
260 |a Santiago  |b Wiracocha  |c 1967 
650 0 |a Literatura  |9 259151 
650 0 |a Literatura peruana  |9 257452 
650 7 |a NOVELAS PERUANAS  |2 CL-VaPUC  |9 543049 
650 7 |a ESCRITORES PERUANOS  |2 CL-VaPUC  |9 479731 
650 0 |a Narrativa  |9 336727 
650 0 |a Ficción   |9 376687 
650 0 |a Lectura  |9 307634 
651 0 |a Perú  |9 256567 
583 |a last modification  |c 20190712 03:58:02  |k Rodrigo Vera 
490 0 |a Autores peruanos 
999 |c 337380  |d 337378